| 000 | 00890nam a2200217Ia 4500 | ||
|---|---|---|---|
| 999 |
_c29073 _d29073 |
||
| 003 | OSt | ||
| 005 | 20200811155214.0 | ||
| 008 | 160316s2011 xxu||||| |||| 00| 0 eng d | ||
| 020 | _a9780198717652 | ||
| 040 | _cNLS | ||
| 082 |
_a343.072100 _bNIE |
||
| 100 | _aNiels Gunnar | ||
| 245 | _aEconomics for competition lawyers | ||
| 260 |
_aOxford _bOxford University Press _c2011 |
||
| 300 |
_a669p _cxxv |
||
| 365 | _bRs. 3,975 | ||
| 505 | _aTable of Contents 1. Introduction: starting from first principles 2. Market definition 3. Market power 4. Abuse of dominance 5. Cartels and other horizontal agreements 6. Vertical restraints 7. Mergers 8. State Aid 9. Design of remedies 10. Quantification of damages 11. The use of economic evidence in competition cases | ||
| 650 | _a1. Antitrust Law - Economic Aspects | ||
| 700 |
_aJenkins Helen _aKavanagh James |
||
| 942 |
_2ddc _cBK |
||